[Event "Paul Keres Memorial 2010 (SM version)"]
[Site "SchemingMind.com"]
[Date "2010.02.02"]
[Round "-"]
[White "riverriver"]
[Black "miriskra"]
[Result "0-1"]
[WhiteCountry "USA"]
[BlackCountry "WLS"]
[WhiteElo "1702"]
[WhiteRD "86"]
[BlackElo "1908"]
[BlackRD "75"]
[GameID "237658"]

1. d4 Nf6 2. c4 g6 3. Nc3 d5 4. cxd5 Nxd5 5. e4 Nxc3 6. bxc3 Bg7 7. Bc4 O-O 8. Ne2 c5 9. O-O cxd4 10. cxd4 Nc6
11. Be3 Na5 12. Bd5 e6 13. Bb3 Nxb3 14. axb3 b6 15. f3 Bb7 16. Rc1 Rc8 17. Rxc8 Bxc8 18. Qd2 Ba6 19. Ra1 Bxe2 20. Qxe2 Bxd4
21. Rxa7 Qb8 22. Rd7 Bxe3+ 23. Qxe3 Rd8 24. Qd4 Rxd7 25. Qxd7 Kf8 26. g3 b5 27. Qd4 e5 28. Qc5+ Kg7 29. Kf2 f6 30. Qe7+ Kg8
31. Qxf6 Qa7+ 32. Kg2 Qd4 33. Qe6+ Kf8 34. Qc8+ Ke7 35. Qc7+ Kf6 36. Qc6+ Kf7 37. Qxb5 Qd2+ 38. Kf1 Qxh2 39. Qxe5 Qh1+ 40. Ke2 Qg2+
41. Ke3 Qg1+ 42. Kd3 Qb1+
0-1

[Event "Paul Keres Memorial 2010 (SM version)"]
[Site "SchemingMind.com"]
[Date "2010.02.03"]
[Round "-"]
[White "miriskra"]
[Black "riverriver"]
[Result "1-0"]
[WhiteCountry "WLS"]
[BlackCountry "USA"]
[WhiteElo "1908"]
[WhiteRD "75"]
[BlackElo "1702"]
[BlackRD "86"]
[GameID "237659"]

1. d4 d5 2. Nf3 Nc6 3. c4 Bg4 4. cxd5 Bxf3 5. dxc6 Bxc6 6. Nc3 e5 7. d5 Bd7 8. g3 Nf6 9. Bg2 Bb4 10. O-O O-O
11. Qb3 a5 12. a3 Bxc3 13. bxc3 b5 14. Be3 Qe7 15. d6 cxd6 16. Bxa8 Rxa8 17. f3 h6 18. Bf2 d5 19. Rfd1 Qe6 20. e4 dxe4
21. Qxe6 Bxe6 22. fxe4 Nxe4 23. Re1 Ng5 24. Re3 Rd8 25. Be1 a4 26. h4 Nh3+ 27. Kh2 Rd5 28. Rb1 Rc5 29. Rb4 g5 30. Rbe4 f6
31. Re2 gxh4 32. gxh4 Bf5 33. Rb4 Nf4 34. Rd2 Kf7 35. Rd8 Nd3 36. Rb1 Nxe1 37. Rxe1 Rxc3 38. Rb8 Rxa3 39. Rxb5 Rb3 40. Ra5 Rh3+
41. Kg2 Rxh4 42. Rc1
1-0

[Event "Paul Keres Memorial 2010 (SM version)"]
[Site "SchemingMind.com"]
[Date "2010.02.10"]
[Round "-"]
[White "Ollowain"]
[Black "riverriver"]
[Result "0-1"]
[WhiteCountry "GER"]
[BlackCountry "USA"]
[WhiteElo "2080"]
[WhiteRD "91"]
[BlackElo "1702"]
[BlackRD "86"]
[GameID "237969"]

1. d4 d5 2. c4 c6 3. Nf3 Nf6 4. Nc3 e6 5. e3 Nbd7 6. Qc2 Be7 7. b3 O-O 8. Bd3 b6 9. Bb2 h6 10. O-O Bb7
11. Rad1 Qc7 12. Rfe1 Rae8 13. e4 dxe4 14. Nxe4 c5 15. dxc5 Nxc5 16. Be5 Qc8 17. Nd6 Bxd6 18. Bxd6 Nxd3 19. Qxd3 Rd8 20. Qe3 Rfe8
21. Bf4 Ng4 22. Qe2 Rxd1 23. Rxd1 e5 24. Bg3 Bxf3 25. Qxf3 e4 26. Qf4 f5 27. Rd5 Rd8 28. Qd2 Rxd5 29. Qxd5+ Kh8 30. h3 Nf6
31. Qd6 Kh7 32. Be5 Qd7 33. b4 Kg6 34. c5 bxc5 35. bxc5 Qxd6 36. Bxd6 Kf7 37. Be5 Ke6 38. c6 Nd5 39. Bxg7 h5
0-1

[Event "Paul Keres Memorial 2010 (SM version)"]
[Site "SchemingMind.com"]
[Date "2010.02.05"]
[Round "-"]
[White "Ollowain"]
[Black "miriskra"]
[Result "1-0"]
[WhiteCountry "GER"]
[BlackCountry "WLS"]
[WhiteElo "2123"]
[WhiteRD "90"]
[BlackElo "1872"]
[BlackRD "67"]
[GameID "237970"]

1. d4 Nf6 2. c4 e6 3. Nc3 Bb4 4. Qc2 c5 5. dxc5 Nc6 6. Nf3 O-O 7. Bg5 h6 8. Bh4 g5 9. Bg3 g4 10. Ne5 Bxc5
11. O-O-O Nxe5 12. Bxe5 Bxf2 13. Qd2 Nh7 14. Ne4 Bh4 15. Qxh6 Bg5+ 16. Nxg5 Qxg5+ 17. Qxg5+ Nxg5 18. Bd6 Re8 19. Rd4 f5 20. h3 gxh3
21. gxh3 Nf7 22. Rg1+
1-0

[Event "Paul Keres Memorial 2010 (SM version)"]
[Site "SchemingMind.com"]
[Date "2010.02.10"]
[Round "-"]
[White "riverriver"]
[Black "Ollowain"]
[Result "1-0"]
[WhiteCountry "USA"]
[BlackCountry "GER"]
[WhiteElo "1702"]
[WhiteRD "86"]
[BlackElo "2080"]
[BlackRD "91"]
[GameID "237971"]

1. d4 Nf6 2. c4 e6 3. Nc3 Bb4 4. e3 O-O 5. a3 Bxc3+ 6. bxc3 c5 7. d5 d6 8. g3 e5 9. Bg2 Bf5 10. e4 Bxe4
11. Nf3 Nbd7 12. O-O Qa5 13. Bd2 Bd3 14. Re1 Bxc4 15. Nh4 Bd3 16. Qb3 Nb6 17. f4 c4 18. Qb4 Qxb4 19. axb4 e4 20. Nf5 Rfd8
21. Ne3 Re8 22. Ra5 h5 23. Rb5 g6 24. f5 g5 25. Ra1 g4 26. h3 gxh3 27. Bxh3 Nfd7 28. Rba5 a6 29. Bf1 Nf6 30. b5 axb5
31. Bg2 Rxa5 32. Rxa5 Nbxd5 33. Nxd5 Nxd5 34. Rxb5 Nf6 35. Rxb7 e3 36. Be1 Bxf5 37. Rb6 Re6 38. Rb5 Be4 39. Bxe4
1-0

[Event "Paul Keres Memorial 2010 (SM version)"]
[Site "SchemingMind.com"]
[Date "2010.02.06"]
[Round "-"]
[White "miriskra"]
[Black "Ollowain"]
[Result "0-1"]
[WhiteCountry "WLS"]
[BlackCountry "GER"]
[WhiteElo "1908"]
[WhiteRD "75"]
[BlackElo "2080"]
[BlackRD "91"]
[GameID "237972"]

1. d4 Nf6 2. c4 e6 3. Nf3 d5 4. Nc3 c6 5. cxd5 exd5 6. Bg5 Bf5 7. e3 Be7 8. Be2 Nbd7 9. O-O O-O 10. Nh4 Be6
11. Bd3 h6 12. Bxf6 Nxf6 13. Nf5 Bxf5 14. Bxf5 Bd6 15. Bc2 Qc7 16. g3 Rfe8 17. Rc1 a6 18. Qd3 g6 19. Bb3 Qd7 20. Kg2 Bb4
21. f3 a5 22. a3 Bxc3 23. Rxc3 a4 24. Ba2 Qe6 25. Qd2 Kg7 26. e4 Nh7 27. h4 g5 28. e5 gxh4 29. gxh4 Kh8 30. Kf2 Rg8
31. Ke1 Rg7 32. f4 Qg4 33. Qf2 Rag8 34. Bb1 Qh5 35. Bxh7 Kxh7 36. Qc2+ Kh8 37. Rh3 Rg2 38. Rf2 Rxf2 39. Qxf2 Qf5
0-1

[Event "Paul Keres Memorial 2010 (SM version)"]
[Site "SchemingMind.com"]
[Date "2010.02.12"]
[Round "-"]
[White "Norsland"]
[Black "riverriver"]
[Result "1-0"]
[WhiteCountry "USA"]
[BlackCountry "USA"]
[WhiteElo "2003"]
[WhiteRD "90"]
[BlackElo "1702"]
[BlackRD "86"]
[GameID "238191"]

1. Nc3 d5 2. e4 e6 3. Nf3 dxe4 4. Nxe4 Nd7 5. Be2 Ngf6 6. d3 Bb4+ 7. c3 Bd6 8. O-O O-O 9. Bg5 Be5 10. Nxe5 Nxe5
11. Nxf6+ gxf6 12. Bh6 Re8 13. d4 Nc6 14. Bd3 Ne7 15. Qg4+ Ng6 16. h4 f5 17. Qg5 Qxg5 18. Bxg5 e5 19. Rfe1 Bd7 20. h5 e4
21. Bc4 Nf8 22. Re3 b5 23. Bb3 Ne6 24. Bh6 c6 25. d5 cxd5 26. Bxd5 Rac8 27. Rd1 Bc6 28. Bxc6 Rxc6 29. Rd7 Nc5 30. Rg3+ Rg6
31. hxg6 Nxd7 32. gxf7+ Kxf7 33. Rg7+ Ke6 34. Rxh7 a5 35. Be3 Re7 36. Rh6+ Kd5 37. Kf1 Rf7 38. Ra6 f4 39. Bd4 a4 40. b3
1-0

[Event "Paul Keres Memorial 2010 (SM version)"]
[Site "SchemingMind.com"]
[Date "2010.02.07"]
[Round "-"]
[White "Norsland"]
[Black "Ollowain"]
[Result "0-1"]
[WhiteCountry "USA"]
[BlackCountry "GER"]
[WhiteElo "1994"]
[WhiteRD "86"]
[BlackElo "2155"]
[BlackRD "91"]
[GameID "238192"]

1. Nc3 d5 2. e4 d4 3. Nce2 e5 4. Nf3 f6 5. Ng3 Be6 6. Nxe5 fxe5 7. Qh5+ Kd7 8. Qxe5 Nc6 9. Bb5 Qf6 10. Bxc6+ Kxc6
11. Qxf6 Nxf6 12. a3 d3 13. cxd3 Rd8 14. Ke2 Bb3 15. d4 Rxd4 16. d3 Bc2 17. Be3 Bxd3+ 18. Kd2 Rd8 19. Rhc1+ Kb5 20. Nf5 Bxe4+
21. Nd4+ Kb6 22. Ke2 Bc5
0-1

[Event "Paul Keres Memorial 2010 (SM version)"]
[Site "SchemingMind.com"]
[Date "2010.02.07"]
[Round "-"]
[White "Norsland"]
[Black "miriskra"]
[Result "1-0"]
[WhiteCountry "USA"]
[BlackCountry "WLS"]
[WhiteElo "1994"]
[WhiteRD "86"]
[BlackElo "1906"]
[BlackRD "71"]
[GameID "238193"]

1. Nc3 Nf6 2. e4 d6 3. f4 Bg4 4. Be2 Bxe2 5. Qxe2 Nc6 6. Nf3 g6 7. d4 e6 8. Bd2 Bg7 9. O-O-O h5 10. f5 Qd7
11. fxg6 fxg6 12. e5 Ng4 13. h3 Nh6 14. d5 Nxe5 15. Nxe5 Bxe5 16. dxe6 Qxe6 17. Qb5+ Ke7 18. Rde1 Kf7 19. Bxh6 Rxh6 20. Rhf1+ Kg7
21. Nd5 Rhh8 22. Nxc7 Qxa2 23. Nxa8 Rxa8 24. Qxb7+ Kh6 25. Rxe5 dxe5 26. Rf7 Qa1+ 27. Kd2 Rd8+ 28. Ke3 Qe1+ 29. Kf3 Qd1+ 30. Kg3 Qe1+
31. Kh2 Rd1 32. Rh7+ Kg5 33. Qe7+ Kf4 34. Qf6+ Ke4 35. Qf3+ Kd4 36. Qxd1+
1-0

[Event "Paul Keres Memorial 2010 (SM version)"]
[Site "SchemingMind.com"]
[Date "2010.02.12"]
[Round "-"]
[White "riverriver"]
[Black "Norsland"]
[Result "0-1"]
[WhiteCountry "USA"]
[BlackCountry "USA"]
[WhiteElo "1702"]
[WhiteRD "86"]
[BlackElo "2003"]
[BlackRD "90"]
[GameID "238194"]

1. d4 c5 2. d5 Nf6 3. c4 b5 4. a4 bxc4 5. Nc3 g6 6. e4 d6 7. Bxc4 Bg7 8. f3 O-O 9. Nge2 e6 10. O-O Ba6
11. Bb5 Qb6 12. Be3 Bxb5 13. axb5 exd5 14. Nxd5 Nxd5 15. Qxd5 Nd7 16. Rad1 Qxb5 17. Nd4 Bxd4 18. Bxd4 Nb6 19. Qg5 Qe8 20. Bf6 Qe6
21. Qf4 d5 22. exd5 Qf5 23. Qxf5 gxf5 24. d6 Nd7 25. Be7 Rfb8 26. Rd5 Rxb2 27. Rxf5 h6 28. Ra1 a5 29. Ra4 Rb4 30. Ra2 a4
0-1

[Event "Paul Keres Memorial 2010 (SM version)"]
[Site "SchemingMind.com"]
[Date "2010.02.07"]
[Round "-"]
[White "Ollowain"]
[Black "Norsland"]
[Result "1-0"]
[WhiteCountry "GER"]
[BlackCountry "USA"]
[WhiteElo "2155"]
[WhiteRD "91"]
[BlackElo "1994"]
[BlackRD "86"]
[GameID "238195"]

1. d4 c5 2. d5 Nf6 3. c4 b5 4. cxb5 a6 5. bxa6 g6 6. Nc3 Bg7 7. e4 d6 8. Nf3 Bxa6 9. Bxa6 Nxa6 10. O-O O-O
11. Bf4 Qb8 12. Qe2 Nd7 13. Rfe1 e5 14. dxe6 fxe6 15. Bg3 Bxc3 16. bxc3 e5 17. Qc4+ Kg7 18. Qe6 Qc7 19. Ng5 Nf6 20. Rad1 h6
21. Rxd6 hxg5 22. Bxe5
1-0

[Event "Paul Keres Memorial 2010 (SM version)"]
[Site "SchemingMind.com"]
[Date "2010.02.07"]
[Round "-"]
[White "miriskra"]
[Black "Norsland"]
[Result "1-0"]
[WhiteCountry "WLS"]
[BlackCountry "USA"]
[WhiteElo "1906"]
[WhiteRD "71"]
[BlackElo "1994"]
[BlackRD "86"]
[GameID "238196"]

1. d4 c5 2. d5 Nf6 3. c4 b5 4. cxb5 a6 5. b6 Qxb6 6. Nc3 g6 7. e4 d6 8. Qc2 Bg7 9. Nf3 Nbd7 10. Be2 Rb8
11. O-O O-O 12. Rb1 Ng4 13. h3 Nge5 14. Nxe5 Bxe5 15. Be3 Bg7 16. b4 Qc7 17. bxc5 Rxb1 18. Rxb1 Bxc3 19. Qxc3 Nxc5 20. Bh6 f6
21. Bxf8 Kxf8 22. Bf1 Qa7 23. Qd4 Bb7 24. a4 Qa8 25. f3 Ke8 26. Kh2
1-0

[Event "Paul Keres Memorial 2010 (SM version)"]
[Site "SchemingMind.com"]
[Date "2010.02.12"]
[Round "-"]
[White "Francisco Aquino"]
[Black "riverriver"]
[Result "1/2-1/2"]
[WhiteCountry "BRA"]
[BlackCountry "USA"]
[WhiteElo "1698"]
[WhiteRD "78"]
[BlackElo "1580"]
[BlackRD "78"]
[GameID "238355"]

1. e4 e5 2. Nf3 Nc6 3. Bb5 a6 4. Ba4 Nf6 5. O-O Be7 6. Nc3 b5 7. Bb3 O-O 8. Re1 d6 9. d4 Nxd4 10. Nxd4 exd4
11. Qxd4 c5 12. Qe3 Bb7 13. Bd5 Nxd5 14. Nxd5 Bxd5 15. exd5 Re8 16. Bd2 Bf6 17. Qxe8+ Qxe8 18. Rxe8+ Rxe8 19. Re1 Rc8 20. b3 h6
21. Re4=
1/2-1/2

[Event "Paul Keres Memorial 2010 (SM version)"]
[Site "SchemingMind.com"]
[Date "2010.02.11"]
[Round "-"]
[White "Francisco Aquino"]
[Black "Norsland"]
[Result "0-1"]
[WhiteCountry "BRA"]
[BlackCountry "USA"]
[WhiteElo "1735"]
[WhiteRD "79"]
[BlackElo "2029"]
[BlackRD "89"]
[GameID "238356"]

1. e4 c5 2. Nf3 d6 3. Bc4 e6 4. d4 cxd4 5. Nxd4 Nc6 6. Nc3 Nf6 7. Bg5 Be7 8. O-O O-O 9. Nxc6 bxc6 10. Re1 h6
11. Bh4 Qc7 12. Qe2 d5 13. exd5 cxd5 14. Bg3 Qxc4 15. Qxc4 dxc4 16. a3 Bb7 17. Rad1 Rfd8 18. Rxd8+ Rxd8 19. Rd1 Nd5 20. Nxd5 Rxd5
21. Rxd5 exd5 22. Be5 f5 23. Bd4 a6 24. f3 Kf7 25. Kf2 Bf6 26. Bxf6 Kxf6 27. Ke3 g5 28. c3 h5 29. g3 Ke6 30. Kd4 Kd6
31. h3 h4 32. gxh4 gxh4 33. f4 Bc6 34. Ke3 Ba4 35. Kd4 Bc2 36. Ke3 Kc5
0-1

[Event "Paul Keres Memorial 2010 (SM version)"]
[Site "SchemingMind.com"]
[Date "2010.02.09"]
[Round "-"]
[White "Francisco Aquino"]
[Black "Ollowain"]
[Result "0-1"]
[WhiteCountry "BRA"]
[BlackCountry "GER"]
[WhiteElo "1698"]
[WhiteRD "78"]
[BlackElo "2088"]
[BlackRD "91"]
[GameID "238357"]

1. e4 e5 2. Nf3 Nc6 3. Bb5 a6 4. Bxc6 dxc6 5. Nc3 f6 6. d4 exd4 7. Qxd4 Qxd4 8. Nxd4= Bd7 9. Bf4 O-O-O 10. O-O Ne7
11. Rad1 Ng6 12. Bg3 h5 13. f3 h4 14. Bf2 Bb4 15. Nce2 h3 16. g3 c5 17. Nb3 Bb5 18. Nc3 Bxf1 19. Kxf1 Bxc3 20. Rxd8+ Rxd8
21. bxc3 b6 22. Ke2 Ne5 23. Nd2 Rxd2+ 24. Kxd2 Nxf3+ 25. Ke2 Nxh2 26. Bg1 Ng4 27. Kf3 h2
0-1

[Event "Paul Keres Memorial 2010 (SM version)"]
[Site "SchemingMind.com"]
[Date "2010.02.09"]
[Round "-"]
[White "Francisco Aquino"]
[Black "miriskra"]
[Result "0-1"]
[WhiteCountry "BRA"]
[BlackCountry "WLS"]
[WhiteElo "1735"]
[WhiteRD "79"]
[BlackElo "1872"]
[BlackRD "67"]
[GameID "238358"]

1. e4 d6 2. d4 Nf6 3. Nc3 g6 4. Nf3 Bg7 5. Bb5+ c6 6. Bc4 b5 7. Bb3 b4 8. Ne2 Nxe4 9. O-O O-O 10. Bf4 Ba6
11. Re1 Nd7 12. Ng3 Nxg3 13. hxg3 c5 14. Rb1 Bb7 15. Bg5 Re8 16. dxc5 Nxc5 17. Bc4 Ne4 18. Bd5 Bxd5 19. Qxd5 Nxg5 20. Nxg5 e6
21. Qd2 Bh6 22. f4 Bxg5 23. fxg5 Qb6+ 24. Kh1 Qc5 25. Rbd1 Rac8 26. Re2 d5 27. Rf1 Rc7 28. Rff2 a5 29. Qf4 Qc4 30. Qxc4 Rxc4
31. Rf4 Rec8 32. Rxc4 Rxc4 33. Kh2 Kf8 34. Kh3 Ke7 35. Rf2 Re4 36. g4 Re3+ 37. g3 Re1 38. a3 bxa3 39. bxa3 Re3 40. a4 Rc3
41. Kg2 Rc4 42. Rf4 Rxc2+ 43. Kf1 e5 44. Rf6 Rc4
0-1

[Event "Paul Keres Memorial 2010 (SM version)"]
[Site "SchemingMind.com"]
[Date "2010.02.12"]
[Round "-"]
[White "riverriver"]
[Black "Francisco Aquino"]
[Result "0-1"]
[WhiteCountry "USA"]
[BlackCountry "BRA"]
[WhiteElo "1580"]
[WhiteRD "78"]
[BlackElo "1698"]
[BlackRD "78"]
[GameID "238359"]

1. d4 d5 2. c4 dxc4 3. e4 Nc6 4. Nf3 Bg4 5. Be2 Nf6 6. e5 Nd7 7. h3 Bh5 8. Nc3 e6 9. Bxc4 Bxf3 10. gxf3 Nb6
11. b3 Qxd4 12. Bd2 Nxc4 13. bxc4 Qxc4 14. Ne2 O-O-O 15. O-O Nxe5 16. Qe1 Nxf3+
0-1

[Event "Paul Keres Memorial 2010 (SM version)"]
[Site "SchemingMind.com"]
[Date "2010.02.11"]
[Round "-"]
[White "Norsland"]
[Black "Francisco Aquino"]
[Result "1/2-1/2"]
[WhiteCountry "USA"]
[BlackCountry "BRA"]
[WhiteElo "2029"]
[WhiteRD "89"]
[BlackElo "1735"]
[BlackRD "79"]
[GameID "238360"]

1. Nc3 Nf6 2. e4 e5 3. f4 Nc6 4. Nf3 d6 5. Bb5 Bd7 6. d3 Be7 7. Bxc6 Bxc6 8. fxe5 dxe5 9. Nxe5 O-O 10. Nxc6 bxc6
11. Be3 Qd7 12. O-O Ng4 13. Bd2 Bd6 14. Bf4 Bc5+ 15. Kh1 Nf2+ 16. Rxf2 Bxf2 17. Qf3 Bd4 18. Nd1 Rab8 19. c3 Bb6 20. Qg3 Rfd8
21. d4 Re8 22. Nf2 Re6 23. Ng4 Qe7 24. Nh6+ Kh8 25. Nf5 Qf6 26. Be5 Rxe5= 27. dxe5 Qg6 28. Qxg6 hxg6= 29. Ne7 c5 30. Rf1 Kh7
31. Rxf7 Re8 32. Nd5 Rxe5 33. h3 Kg8 34. Re7 Rxe7 35. Nxe7+ Kf7= 36. Nd5 Ke6 37. g3=
1/2-1/2

[Event "Paul Keres Memorial 2010 (SM version)"]
[Site "SchemingMind.com"]
[Date "2010.02.09"]
[Round "-"]
[White "Ollowain"]
[Black "Francisco Aquino"]
[Result "1-0"]
[WhiteCountry "GER"]
[BlackCountry "BRA"]
[WhiteElo "2088"]
[WhiteRD "91"]
[BlackElo "1698"]
[BlackRD "78"]
[GameID "238361"]

1. d4 d5 2. c4 dxc4 3. Nf3 Nf6 4. e3 Bg4 5. Bxc4 e6 6. Qb3 Bxf3 7. gxf3 Qc8 8. Nc3 Bd6 9. e4 Be7 10. d5 exd5
11. Nxd5 Nbd7 12. Nxf6+ Bxf6 13. Bxf7+ Kf8 14. Be3 b6 15. Be6 Ke7 16. O-O-O Rd8 17. e5 Bxe5 18. Bg5+ Bf6 19. Bxf6+ gxf6 20. Qe3 Kf8
21. Qh6+ Ke7 22. Bxd7 Rxd7 23. Qg7+ Ke6 24. Rhe1+ Kf5 25. Qg4#
1-0

[Event "Paul Keres Memorial 2010 (SM version)"]
[Site "SchemingMind.com"]
[Date "2010.02.09"]
[Round "-"]
[White "miriskra"]
[Black "Francisco Aquino"]
[Result "1-0"]
[WhiteCountry "WLS"]
[BlackCountry "BRA"]
[WhiteElo "1838"]
[WhiteRD "74"]
[BlackElo "1698"]
[BlackRD "78"]
[GameID "238362"]

1. c4 e5 2. g3 Nf6 3. Nc3 Bb4 4. Nf3 Nc6 5. Bg2 O-O 6. O-O d6 7. d3 Bg4 8. Bg5 Bxc3 9. bxc3 h6 10. Be3 Re8
11. Nd2 Qd7 12. Re1 Rab8 13. Rb1 Bh3 14. Ne4 Nxe4 15. Bxe4 Rbd8 16. Rxb7 a6 17. Qa4 Nb8 18. Qxd7 Rxd7 19. Reb1 Rdd8 20. Rxc7 Nd7
21. Rbb7 Be6 22. Bc6 Re7 23. a4 Kf8 24. f4 f6 25. a5 h5 26. Bxd7 Bxd7 27. fxe5 fxe5 28. Bg5
1-0

[Event "Paul Keres Memorial 2010 (SM version)"]
[Site "SchemingMind.com"]
[Date "2010.02.12"]
[Round "-"]
[White "Silvy"]
[Black "riverriver"]
[Result "1-0"]
[WhiteCountry "ITA"]
[BlackCountry "USA"]
[WhiteElo "2349"]
[WhiteRD "108"]
[BlackElo "1631"]
[BlackRD "88"]
[GameID "238388"]

1. e4 e5 2. Nf3 Nc6 3. Bb5 a6 4. Ba4 Nf6 5. O-O Be7 6. Re1 O-O 7. Bxc6 dxc6 8. Nxe5 Re8 9. Nf3 Bg4 10. h3 Be6
11. d4 c5 12. d5 Bd7 13. e5 Nh5 14. g4 Qc8 15. Nh2 b5 16. gxh5 Bxh3 17. Nc3 b4 18. Ne4 c6 19. d6 Bd8 20. Nxc5 Qf5
21. Qf3 Bb6 22. Nd3 c5 23. Nf4 Qg5+ 24. Kh1 Bd7 25. Ne6 Qh4 26. Nxg7 Rec8 27. Nf5 Bxf5 28. Qxf5 Qd8 29. Rg1+ Kh8 30. Bg5 f6
31. Bxf6+
1-0

[Event "Paul Keres Memorial 2010 (SM version)"]
[Site "SchemingMind.com"]
[Date "2010.02.09"]
[Round "-"]
[White "Silvy"]
[Black "Francisco Aquino"]
[Result "1-0"]
[WhiteCountry "ITA"]
[BlackCountry "BRA"]
[WhiteElo "2335"]
[WhiteRD "105"]
[BlackElo "1707"]
[BlackRD "77"]
[GameID "238389"]

1. e4 e5 2. Nf3 Nc6 3. Bb5 d6 4. d4 Bd7 5. Nc3 Nf6 6. O-O exd4 7. Nxd4 Nxd4 8. Bxd7+ Qxd7 9. Qxd4 Be7 10. b3 O-O
11. Bb2 c5 12. Qd3 Rad8 13. Qg3 Qg4 14. Nd5 Qe6 15. f4 Nh5 16. Qf3 g6 17. f5 Qd7 18. f6 Bxf6 19. Nxf6+ Nxf6 20. Qxf6
1-0

[Event "Paul Keres Memorial 2010 (SM version)"]
[Site "SchemingMind.com"]
[Date "2010.02.11"]
[Round "-"]
[White "Silvy"]
[Black "Norsland"]
[Result "1-0"]
[WhiteCountry "ITA"]
[BlackCountry "USA"]
[WhiteElo "2348"]
[WhiteRD "104"]
[BlackElo "2029"]
[BlackRD "89"]
[GameID "238390"]

1. e4 c5 2. Nf3 d6 3. d4 cxd4 4. Nxd4 Nf6 5. Nc3 a6 6. Be3 Ng4 7. Bg5 h6 8. Bh4 g5 9. Bg3 Bg7 10. Be2 h5
11. Bxg4 Bxg4 12. f3 Bd7 13. Bf2 Nc6 14. O-O g4 15. Nd5 gxf3 16. Nxf3 Rb8 17. Bb6 Qc8 18. Nc7+ Kf8 19. Ng5 Bf6 20. Rxf6 exf6
21. Qxd6+ Kg7 22. Nd5 Be6 23. Qg3 Bg4 24. Nxf6 Kg6 25. Rf1 Rf8 26. Qh4
1-0

[Event "Paul Keres Memorial 2010 (SM version)"]
[Site "SchemingMind.com"]
[Date "2010.02.09"]
[Round "-"]
[White "Silvy"]
[Black "Ollowain"]
[Result "1-0"]
[WhiteCountry "ITA"]
[BlackCountry "GER"]
[WhiteElo "2376"]
[WhiteRD "106"]
[BlackElo "2080"]
[BlackRD "91"]
[GameID "238391"]

1. e4 e5 2. Nf3 Nc6 3. Bb5 a6 4. Ba4 Nf6 5. O-O Be7 6. Re1 b5 7. Bb3 O-O 8. c3 d6 9. h3 Na5 10. Bc2 c5
11. d4 Qc7 12. Nbd2 cxd4 13. cxd4 Nc6 14. Nb3 a5 15. Be3 a4 16. Nbd2 Bd7 17. Rc1 Qb7 18. Qe2 Rfc8 19. Bb1 exd4 20. Nxd4 b4
21. Nxc6 Rxc6 22. Rcd1 Be6 23. Nf3 b3 24. a3 Bc4 25. Qd2 Bd8 26. e5 Ba5 27. Qd4 dxe5 28. Nxe5 Bxe1 29. Nxc6 Qxc6 30. Rc1 Ba5
31. Rxc4 Qe8 32. Qc5 Bd8 33. Bd3 Be7 34. Qe5 Rd8 35. Rd4 Rxd4 36. Bxd4 Qd8 37. Bb5 Bd6 38. Qe3 Qa5 39. Qe2 Qc7 40. g3 Qc2
41. Qe3 Bxa3 42. bxa3 b2 43. Bxb2 Qxb2 44. Bxa4 Qb1+ 45. Kg2 Qb7+ 46. Qf3 Qa7 47. Bb5 h6 48. a4
1-0

[Event "Paul Keres Memorial 2010 (SM version)"]
[Site "SchemingMind.com"]
[Date "2010.02.09"]
[Round "-"]
[White "Silvy"]
[Black "miriskra"]
[Result "1-0"]
[WhiteCountry "ITA"]
[BlackCountry "WLS"]
[WhiteElo "2348"]
[WhiteRD "104"]
[BlackElo "1872"]
[BlackRD "67"]
[GameID "238392"]

1. e4 d6 2. d4 Nf6 3. Nc3 Nbd7 4. g4 h6 5. h3 e5 6. Nge2 Be7 7. Be3 c6 8. Ng3 Nf8 9. Qd2 b5 10. Bg2 a5
11. Nf5 Bxf5 12. exf5 Rc8 13. dxe5 dxe5 14. O-O-O Qxd2+ 15. Rxd2 Bb4 16. Re1 N8d7 17. f4 O-O 18. g5 Nd5 19. Bxd5 cxd5 20. Rxd5 exf4
21. Bd4 Bxc3 22. bxc3 Nb8 23. gxh6
1-0

[Event "Paul Keres Memorial 2010 (SM version)"]
[Site "SchemingMind.com"]
[Date "2010.02.13"]
[Round "-"]
[White "riverriver"]
[Black "Silvy"]
[Result "0-1"]
[WhiteCountry "USA"]
[BlackCountry "ITA"]
[WhiteElo "1702"]
[WhiteRD "86"]
[BlackElo "2376"]
[BlackRD "106"]
[GameID "238393"]

1. d4 Nf6 2. c4 e6 3. Nc3 c5 4. Nf3 cxd4 5. Nxd4 a6 6. Bg5 Be7 7. e4 d6 8. Be2 O-O 9. O-O b6 10. f3 Bb7
11. Qb3 Nbd7 12. Qa4 d5 13. cxd5 b5 14. Qb3 Bc5 15. Be3 Qb6 16. Bf2 Bxd4 17. dxe6 Bxf2+ 18. Rxf2 fxe6 19. Rf1 Nc5 20. Qd1 Rad8
21. Qc2 b4 22. Nd1 Nfxe4 23. fxe4 Nxe4 24. Bd3 Nxf2 25. Nxf2 h6 26. Qe2 Qc6 27. Qg4 Rxf2 28. Rxf2 Rxd3 29. h4 Qd6 30. Qf4 Qxf4
31. Rxf4 a5 32. Rf2 Bd5 33. b3 a4 34. bxa4 Ra3 35. Rf4 Rxa4 36. a3 Rxa3 37. Rxb4 Rg3 38. Rb2 Rxg2+ 39. Rxg2 Bxg2 40. Kxg2 g5
41. hxg5 hxg5 42. Kf3 Kf7 43. Ke3 Kf6 44. Ke2 Kf5 45. Kf3 e5 46. Ke3 e4 47. Ke2 Kf4
0-1

[Event "Paul Keres Memorial 2010 (SM version)"]
[Site "SchemingMind.com"]
[Date "2010.02.09"]
[Round "-"]
[White "Francisco Aquino"]
[Black "Silvy"]
[Result "0-1"]
[WhiteCountry "BRA"]
[BlackCountry "ITA"]
[WhiteElo "1707"]
[WhiteRD "77"]
[BlackElo "2335"]
[BlackRD "105"]
[GameID "238394"]

1. e4 g6 2. d4 Bg7 3. Nf3 d6 4. Nc3 a6 5. Bc4 b5 6. Be2 Bb7 7. Bg5 Nf6 8. Bxf6 Bxf6 9. O-O e6 10. Re1 b4
11. Na4 Bxe4 12. c3 O-O 13. cxb4 Nc6 14. a3 Bxf3 15. Bxf3 d5 16. Rc1 Nxd4 17. Qd3 a5 18. bxa5 Nxf3+ 19. Qxf3 Rxa5 20. Nc3 c5
21. Rc2 Bg7 22. Rec1 c4 23. Nd1 Rb5 24. Nc3 Rb3 25. Qe2 Qb6 26. Qd2 Rb8 27. Na4 Qc6 28. Nc3 Qb7 29. Na4= Bxb2 30. Nxb2 Rxb2
31. Rxb2 Qxb2 32. Qxb2 Rxb2 33. Kf1 Ra2 34. Rc3 Kg7 35. g3 Kf6 36. Kg2 Ke5
0-1

[Event "Paul Keres Memorial 2010 (SM version)"]
[Site "SchemingMind.com"]
[Date "2010.02.11"]
[Round "-"]
[White "Norsland"]
[Black "Silvy"]
[Result "0-1"]
[WhiteCountry "USA"]
[BlackCountry "ITA"]
[WhiteElo "2029"]
[WhiteRD "89"]
[BlackElo "2348"]
[BlackRD "104"]
[GameID "238395"]

1. Nc3 d5 2. e4 c6 3. Nf3 dxe4 4. Nxe4 Nf6 5. Ng3 c5 6. Bc4 Nc6 7. O-O e6 8. d3 Be7 9. Re1 O-O 10. c3 a6
11. a4 Qc7 12. Bg5 h6 13. Bxf6 Bxf6 14. Ne4 Be7 15. Qd2 b6 16. g4 Bb7 17. g5 hxg5 18. Nexg5 Na5 19. Ba2 c4 20. d4 Qc6
21. d5 Qxd5 22. Qxd5 Bxd5 23. h4 Rfd8 24. Nd4 g6
0-1

[Event "Paul Keres Memorial 2010 (SM version)"]
[Site "SchemingMind.com"]
[Date "2010.02.09"]
[Round "-"]
[White "Ollowain"]
[Black "Silvy"]
[Result "1/2-1/2"]
[WhiteCountry "GER"]
[BlackCountry "ITA"]
[WhiteElo "2123"]
[WhiteRD "90"]
[BlackElo "2348"]
[BlackRD "104"]
[GameID "238396"]

1. d4 Nf6 2. c4 c5 3. d5 e6 4. Nc3 exd5 5. cxd5 d6 6. e4 g6 7. h3 Bg7 8. Nf3 O-O 9. Bd3 b5 10. Bxb5 Nxe4
11. Nxe4 Qa5+ 12. Nfd2 Qxb5 13. Nxd6 Qa6 14. N2c4 Nd7 15. O-O Nb6 16. Nxb6 Qxb6 17. Nxc8 Raxc8 18. Rb1 Rfd8 19. Bg5 Rd7 20. Qg4 Qb7
21. Rfd1 h5 22. Qc4 Bd4 23. Be3 Qxd5 24. Rxd4 cxd4 25. Qxc8+ Rd8 26. Qc7 dxe3 27. fxe3 Rd7 28. Qb8+=
1/2-1/2